Jugadores del FC Barcelona 24/25 - Estadísticas

Estadísticas generales
  • Esta prueba ha sido intentada 761 veces
    703 desde el último reinicio
  • La puntuación promedio es 18 de 23
Estadísticas de respuestas
Posición Jugador % Correcto
MC Pedri
97%
ED Lamine Yamal
96%
POR Marc André Ter-Stegen
95%
MC Gavi
94%
LD Jules Koundé
90%
DFC Pau Cubarsí
90%
DC Robert Lewandowski
90%
DFC Ronald Araújo
90%
LI Alejandro Balde
89%
POR Iñaki Peña
88%
ED Ferrán Torres
84%
MC Frenkie De Jong
84%
DFC Iñigo Martínez
84%
MCO Dani Olmo
82%
DFC Andreas Christensen
72%
DFC Eric García
64%
ED Raphina
64%
MCO Fermín López
60%
EI Ansu Fati
59%
MCO Pablo Torre
58%
DC Pau Víctor
56%
MCO Marc Bernal
49%
MC Ilkay Gundogan
15%
No se encontraron pruebas coincidentes
Distribución de puntuación
Porcentaje de gente con cada puntuación
Porcentaje por número respondido
Historial de tus puntuaciones
No has intentado esta prueba desde el último reinicio